00358 a2200109 4500001001000000005001700010008004100027245006800068100002800136773006700164999001700231ART_1831820260410161919.0260409a 10aFacultades de los administradores de las sociedades mercantiles1 aMascheroni, Fernando H.0 tLa informacióng- Tomo XXXIII, Nº 556 (abr. 1976)wREV14902 c27530d27530